|
|
|
|
| LEADER |
00575nam a2200157Ia 4500 |
| 008 |
150624b xxu||||| |||| 00| | mal d |
| 020 |
|
|
|a 812641281X
|
| 082 |
|
|
|a 646.7
|
| 100 |
|
|
|a Schullar, Robert H.
|
| 245 |
|
|
|c Robert H. Schullar
|a Vijayathinu athirukalilla parajayam anthimavumalla /
|
| 260 |
|
|
|a Kottayam :
|b D.C. Books ,
|c 2008.
|
| 300 |
|
|
|a 232 p.
|
| 546 |
|
|
|a In Malayalam.
|
| 942 |
|
|
|c BK
|
| 999 |
|
|
|c 86233
|d 86233
|
| 952 |
|
|
|0 0
|1 0
|4 0
|6 646_700000000000000_SCH_V_M
|7 0
|9 86177
|a UL
|b UL
|c ST1
|d 2009-03-25
|e CBC
|l 12
|m 2
|o 646.7 SCH/V M
|p 84200
|r 2017-09-20
|s 2017-09-13
|v 260.00
|w 2012-10-27
|y BK
|